Financial institutions and markets. (Record no. 6574)

MARC details
000 -LEADER
fixed length control field 00708cam a22002412 4500
001 - CONTROL NUMBER
control field 0000004375
005 - DATE AND TIME OF LATEST TRANSACTION
control field 20151217151937.0
008 - FIXED-LENGTH DATA ELEMENTS--GENERAL INFORMATION
fixed length control field 070522s xx 000 0 eng d
020 ## - INTERNATIONAL STANDARD BOOK NUMBER
International Standard Book Number 0324323832 :
Terms of availability KES 3,935
040 ## - CATALOGING SOURCE
Original cataloging agency KABU
Transcribing agency KABU
050 #0 - LIBRARY OF CONGRESS CALL NUMBER
Classification number HG173
Item number .M33 2006
100 1# - MAIN ENTRY--PERSONAL NAME
Personal name Madura, Jeff.
-- 0000150616
245 10 - TITLE STATEMENT
Title Financial institutions and markets.
250 ## - EDITION STATEMENT
Edition statement 7th ed.
260 ## - PUBLICATION, DISTRIBUTION, ETC. (IMPRINT)
Place of publication, distribution, etc. Singapore :
Name of publisher, distributor, etc. Thomson South-Western,
Date of publication, distribution, etc. 2006.
300 ## - PHYSICAL DESCRIPTION
Extent xxvi, 771 p.
650 #0 - SUBJECT ADDED ENTRY--TOPICAL TERM
Topical term or geographic name as entry element Financial institutions.
-- 0000152429
650 #0 - SUBJECT ADDED ENTRY--TOPICAL TERM
Topical term or geographic name as entry element Capital markets.
-- 0000152644
650 #0 - SUBJECT ADDED ENTRY--TOPICAL TERM
Topical term or geographic name as entry element Money markets.
-- 0000154914
908 ## - PUT COMMAND PARAMETER (RLIN)
Put command parameter 070522
950 ## - LOCAL HOLDINGS (RLIN)
-- 1
Holdings
Withdrawn status Lost status Source of classification or shelving scheme Not for loan Home library Current library Date acquired Total Checkouts Full call number Barcode Date last seen Date last checked out Price effective from Koha item type
    Library of Congress Classification   Kabarak, Main Campus Kabarak, Main Campus 17/12/2015 1 HG173 .M33 2006 005266 19/03/2024 05/03/2024 17/12/2015 General Collection
Designed with assistance from East African Informatics Ltd